00477nam a2200133Ia 4500041001200000082001200012100007900024245009600103260006600199300001400265650001600279650002600295700002200321 aEnglish aRP.0328 aPurohit, Vishnu KantauFoundation for public economics and policy research 0aStamp duty and registration fee :bissues in policy and governance / cVishnu Kanta Purohit aNew Delhi :bIndian Council oF Social Science Research,c2017 avi, 165p. aStamp duty  aPolicy and governance aPurohit, Mahesh C